History Quiz

Random History or Famous Quiz

Famous Inventors Quiz Stats

 Plays Quiz Updated Oct 9, 2018

Score 0/20 Timer 06:00
0 Plays Today
Invention Inventor % Correct
TelephoneAlexander Graham Bell
87.2%
AirplaneWright Brothers
77.5%
Lightning RodBenjamin Franklin
75.6%
PhonographThomas Alva Edison
70.8%
Cotton GinEli Whitney
67.3%
Printing PressJohannes Gutenberg
59.2%
RevolverSamuel Colt
56%
Rubik's CubeErnő Rubik
55.8%
DynamiteAlfred Nobel
54.1%
TelegraphSamuel Morse
40.7%
Invention Inventor % Correct
Polio VaccineJonas Salk
40.4%
Discovery of PenicillinAlexander Fleming
26.9%
Rabies ImmunizationLouis Pasteur
24.4%
AutomobileKarl Benz
23.4%
HelicopterIgor Sikorsky
15.9%
Adding MachineBlaise Pascal
9.2%
LocomotiveRichard Trevithick
4.1%
WikiWard Cunningham
3%
ElectromagnetWilliam Sturgeon
2.6%
LaserTheodore Harold Maiman
2.2%

You're not logged in!

Compare scores with friends on all Sporcle quizzes.
OR
Log In

Sporcle TV

Today on Sporcle TV


Watch our educational content, quiz creation guides, and fun videos on Sporcle TV.

Show Comments

Extras

Top Quizzes Today


Score Distribution

Your Account Isn't Verified!

In order to create a playlist on Sporcle, you need to verify the email address you used during registration. Go to your Sporcle Settings to finish the process.

Report this User

Report this user for behavior that violates our Community Guidelines.

Details: